ბათუმის შოთა რუსთაველის სახელმწიფო უნივერსიტეტის ბიბლიოთეკა

Art Therapy Activities for Kids: (ბიბ.ჩანაწერი № 62288)

000 -LEADER
fixed length control field 00765nam a22001817a 4500
005 - DATE AND TIME OF LATEST TRANSACTION
control field 20240916164509.0
008 - FIXED-LENGTH DATA ELEMENTS--GENERAL INFORMATION
fixed length control field 240916s2022 enk||||| |||| 00| 0 eng d
020 ## - INTERNATIONAL STANDARD BOOK NUMBER
International Standard Book Number 9781638787778x
041 ## - LANGUAGE CODE
Language code of text/sound track or separate title eng
080 ## - UNIVERSAL DECIMAL CLASSIFICATION NUMBER
Universal Decimal Classification number 159.9+615.8 C-95
100 ## - MAIN ENTRY--PERSONAL NAME
Personal name Curtis, Erica
9 (RLIN) 23233
245 ## - TITLE STATEMENT
Title Art Therapy Activities for Kids:
Remainder of title 75 Evidence-Based Art Projects to Improve Behavior, Build Social Skills, and Boost Emotional Resilience /
Statement of responsibility, etc. Erica Curtis.
264 ## - PRODUCTION, PUBLICATION, DISTRIBUTION, MANUFACTURE, AND COPYRIGHT NOTICE
Place of production, publication, distribution, manufacture Naperville,
Name of producer, publisher, distributor, manufacturer Callisto Publishing,
Date of production, publication, distribution, manufacture, or copyright notice 2022.
300 ## - PHYSICAL DESCRIPTION
Extent 112 p.:
Other physical details ill.;
Dimensions 24 cm.
653 ## - INDEX TERM--UNCONTROLLED
keyword არტთერაპიის აქტივობები ბავშვებისთვის
653 ## - INDEX TERM--UNCONTROLLED
keyword სოციალური უნარების ამაღლება
942 ## - ADDED ENTRY ELEMENTS (KOHA)
Source of classification or shelving scheme
Koha item type წიგნი
ეგზემპლარები
Withdrawn status Lost status Source of classification or shelving scheme Damaged status Not for loan Permanent Location Current Location Shelving location Date acquired Cost, normal purchase price Full call number Barcode Date last seen Copy number Price effective from Koha item type Public note
          ბათუმის შოთა რუსთაველის სახელმწიფო უნივერსიტეტის მთავარი ბიბლიოთეკა ბათუმის შოთა რუსთაველის სახელმწიფო უნივერსიტეტის მთავარი ბიბლიოთეკა წიგნსაცავი 2024-09-16 70.00 159.9+615.8 C-95 68869 2024-09-16 68869 2024-09-16 წიგნი 70 ლ.
          ბათუმის შოთა რუსთაველის სახელმწიფო უნივერსიტეტის მთავარი ბიბლიოთეკა ბათუმის შოთა რუსთაველის სახელმწიფო უნივერსიტეტის მთავარი ბიბლიოთეკა წიგნსაცავი 2024-09-16 70.00 159.9+615.8 C-95 68870 2024-09-16 68870 2024-09-16 წიგნი 70 ლ.